书目信息 |
| 题名: |
档案信息组织与检索实验教程
|
|
| 作者: | 肖5秋会 | |
| 分册: | ||
| 出版信息: | 武汉 武汉大学出版社 2016.04 |
|
| 页数: | 174页 | |
| 开本: | 20cm | |
| 丛书名: | ||
| 单 册: | ||
| 中图分类: | G272 | |
| 科图分类: | ||
| 主题词: | 档案学 , 档案工作 | |
| 电子资源: | ||
| ISBN: | 7-307-17495-2 | |
| 000 | 00654nam0 2200217 450 | |
| 001 | 2974 | |
| 005 | 20161207150621.92 | |
| 010 | @a7-307-17495-2@dCNY24.00 | |
| 100 | @a20150811d2016 km y0chiy0120 ea | |
| 101 | 0 | @achi |
| 102 | @aCN@b420000 | |
| 200 | 1 | @a档案信息组织与检索实验教程@Adang an xin xi zu zhi yu jian suo shi yan jiao cheng@f肖5秋会@Fxiao 5 qiu hui |
| 210 | @a武汉@c武汉大学出版社@d2016.04 | |
| 215 | @a174页@d20cm | |
| 330 | @a档案管理·高等学校·教材 | |
| 606 | 0 | @a档案学 |
| 606 | 0 | @a档案工作 |
| 690 | @aG272@v4 | |
| 701 | 0 | @a肖5秋会@Axiao 5 qiu hui |
| 801 | 0 | @aCN@b大连网信软件有限公司图书馆·11@c20161207 |
| 905 | @aZUCC@dG272@e85 | |
| 档案信息组织与检索实验教程/肖5秋会.-武汉:武汉大学出版社,2016.04 |
| 174页;20cm |
| ISBN 7-307-17495-2:CNY24.00 |
| 档案管理·高等学校·教材 |
| ● |
| 相关链接 |
|
|
|
|
正题名:档案信息组织与检索实验教程
索取号:G272/85
 
预约/预借
| 序号 | 登录号 | 条形码 | 馆藏地/架位号 | 状态 | 备注 |
| 1 | 912319 | 209123198 | 第一样本阅览室/ [索取号:G272/85] | 在馆 | |
| 2 | 912320 | 209123205 | 第四借阅区/ [索取号:G272/85] | 在馆 | |
| 3 | 912321 | 209123214 | 第四借阅区/ [索取号:G272/85] | 在馆 | |
| 4 | 912322 | 209123223 | 第四借阅区/ [索取号:G272/85] | 在馆 |